000 01115nas a2200325 4500
001 BR9102673
003 BR-BrBNA
005 20231205092035.0
007 ta
008 230509b bl.|||p| |||| 00| 00por d
040 _aBR-BrBNA
_bpor
_cBiblioteca Nacional de Agricultura
041 _a(Pt)
072 _aL02
100 1 _aFreitas, H.O.
100 1 _aSoares, P.R.
100 1 _aFonseca, J.B.
100 1 _aSilva, M. de A. e
100 1 _aRostagno, H.S.
100 1 _aGracas, A.S. das
245 1 _aEfeitos dos niveis de proteina e de metionina + cistina para as fases inicial, de crescimento e recria sobre o desempenho de aves Legorne
246 1 _aEffects of protein and aminoacids levels during starting and growing periods upon performance of Leghorn birds
650 _aLEGHORN
650 _aPROTEINA
650 _aAMINOACIDO
650 _aCRESCIMENTO
650 _aNUTRICAO ANIMAL
773 0 _tRevista da Sociedade Brasileira de Zootecnia (Brazil)
_xISSN 0100-4859
_g(May-Jun 1991), v. 20(3) p. 281-290
_wBR9102673
909 _a202311
_bLúcia
_c55
_dLúcia Elande
942 _2AGRIS
_n0
_cANA
999 _c128857
_d128857